the Walking Dead Actors (S1-S7) hard - Statistics

General Stats
  • This quiz has been taken 198 times
  • The average score is 20 of 67
Answer Stats
Hint Answer % Correct
Rick Grimes Andrew Lincoln
95%
Carl Grimes Chandler Riggs
91%
Daryl Dixon Norman Reedus
91%
Glenn Rhee Steven Yeun
84%
Carol Peletier Melissa McBride
76%
Maggie Greene Lauren Cohan
73%
Negan Jeffrey Dean Morgan
66%
Shane Walsh Jon Bernthal
66%
Lori Grimes Sarah Wayne Callies
65%
Morgan Jones Lennie James
63%
Beth Greene Emily Kinney
62%
Merle Dixon Michael Rooker
61%
Hershel Greene Scott Wilson
59%
Rosita Espinosa Christian Serratos
55%
Michonne Danai Gurira
52%
Andrea Laurie Holden
49%
Abraham Ford Michael Cudlitz
45%
Eugene Porter Josh McDermitt
43%
Aaron Ross Marquand
43%
Tara Chambler Alanna Masterson
42%
T-Dog IronE Singleton
42%
Sasha Williams Sonequa Martin-Green
41%
Jesus Tom Payne
40%
Tyreese Williams Chad Coleman
38%
the Governor David Morrissey
38%
Dale Horvath Jeffrey DeMunn
38%
Gabriel Stokes Seth Gilliam
37%
Enid Katelyn Nacon
36%
King Ezekiel Khary Payton
32%
Simon Steven Ogg
30%
Sophia Peletier Madison Lintz
28%
Dwight Austin Amelio
26%
Noah Tyler James Williams
21%
Spencer Monroe Austin Nichols
20%
Jadis Pollyanna McIntosh
19%
Gregory Xander Berkeley
19%
Jessie Anderson Alexandra Breckenridge
18%
Amy Emma Bell
18%
Bob Stookey Lawrence Gilliard Jr
16%
Deanna Monroe Tovah Feldshuh
16%
Milton Mamet Dallas Roberts
9%
Cyndie Sydney Park
9%
Heath Corey Hawkins
8%
Caesar Martinez Jose Pablo Cantillo
8%
Axel Lew Temple
8%
Jim Andrew Rothenberg
7%
Ron Anderson Austin Abrams
7%
Sam Anderson Major Dodson
7%
Karen Melissa Ponzio
7%
Ed Peletier Adam Minarovich
6%
Denise Cloyd Merritt Wever
6%
Olivia Ann Mahoney
5%
Dawn Lerner Christine Woods
5%
Patricia Jane McNeill
5%
Morales Juan Gabriel Pareja
5%
Nicholas Michael Traynor
5%
Edwin Jenner Noah Emmerich
5%
Otis Pruitt Taylor Vince
5%
Shumpert Travis Love
5%
Jacqui Jeryl Prescott Sales
4%
Oscar Vincent Ward
4%
Lilly Chambler Audrey Marie Anderson
3%
Jimmy James Allen McCune
3%
Tomas Nick Gomez
3%
Reg Monroe Steve Coulter
3%
Andrew Markice Moore
2%
Big Tiny Theodus Crane
2%
No matching quizzes found
Score Distribution
Percent of People with Each Score
Percentile by Number Answered
Your Score History
You have not taken this quiz